Word Ladder: Grand Theft Auto Eatery Quiz Stats

 Plays Quiz Updated Jun 27, 2018

Challenge
Share
Tweet
Embed
Score 0/30 Timer 03:00
4 Plays Today
Clue 4-Letter Word % Correct
Mexican food in a hard or soft shell•TACO•
99.4%
Not frontBACK
99.2%
What the beach is made ofSAND
98.4%
What most humans pick stuff up withHAND
98.1%
Where you keep moneyBANK
98%
What the Titanic didSANK
97.8%
What you tie shoes withLACE
97.2%
A sharp pinTACK
97.1%
Front of a clockFACE
97.1%
Pass gasFART
96.9%
Not an opinionFACT
96.3%
To change computer coding without accessHACK
96.3%
First name of baseball homer-hitter AaronHANK
96.1%
Not realFAKE
96%
A small body of waterLAKE
95.5%
Clue 4-Letter Word % Correct
Don't haveLACK
95.4%
Not differentSAME
95%
A fee to a cab driveFARE
94.4%
Hair grooming toolCOMB
94.3%
An explosive•BOMB•
94%
'___ as You Are'COME
93.6%
A medicine for a diseaseCURE
93.4%
A fewSOME
93.4%
Military stationFORT
93.3%
A harborPORT
93.3%
UncoolLAME
93.2%
To tempt into a trapLURE
93.1%
To nurtureCARE
93%
An opening in one's skinPORE
92.5%
Legendary talesLORE
91.4%

Today's Daily Dose

You're not logged in!

Compare scores with friends on all Sporcle quizzes.
Join for Free
OR
Log In

You Might Also Like...

Show Comments

Extras

Top Quizzes Today


Score Distribution

Your Account Isn't Verified!

In order to create a playlist on Sporcle, you need to verify the email address you used during registration. Go to your Sporcle Settings to finish the process.

Report this User

Report this user for behavior that violates our Community Guidelines.

Details: